An interview with Abraham Lincoln, (Record no. 91043)

MARC details
000 -LEADER
fixed length control field 00726cam a22002173 4500
001 - CONTROL NUMBER
control field tmp92006391
003 - CONTROL NUMBER IDENTIFIER
control field DLC
005 - DATE AND TIME OF LATEST TRANSACTION
control field 20260227112753.0
008 - FIXED-LENGTH DATA ELEMENTS--GENERAL INFORMATION
fixed length control field 050520s1903 dcu 000 0beng
010 ## - LIBRARY OF CONGRESS CONTROL NUMBER
LC control number tmp92006391
040 ## - CATALOGING SOURCE
Original cataloging agency DLC
Transcribing agency DLC
050 00 - LIBRARY OF CONGRESS CALL NUMBER
Classification number E464
Item number .M54 no. 47
051 ## - LIBRARY OF CONGRESS COPY, ISSUE, OFFPRINT STATEMENT
Classification number E457.15
Item number K65
100 1# - MAIN ENTRY--PERSONAL NAME
Personal name Kniffin, G. C.
245 03 - TITLE STATEMENT
Title An interview with Abraham Lincoln,
Statement of responsibility, etc. prepared by G.C. Kniffin and read at the stated meeting of March 6, 1903.
260 ## - PUBLICATION, DISTRIBUTION, ETC.
Place of publication, distribution, etc. [Washington, D.C.,
Date of publication, distribution, etc. 1903]
300 ## - PHYSICAL DESCRIPTION
Extent 13 p.
Dimensions 23 cm.
490 1# - SERIES STATEMENT
Series statement War papers
Volume/sequential designation 47
600 10 - SUBJECT ADDED ENTRY--PERSONAL NAME
Personal name Lincoln, Abraham,
Dates associated with a name 1809-1865.
830 #0 - SERIES ADDED ENTRY--UNIFORM TITLE
Uniform title War papers (Military Order of the Loyal Legion of the United States. District of Columbia Commandery) ;
Volume/sequential designation 47.

No items available.

Powered by Koha